000
00350nam a2200133 a 4500
005
20140414093836.0
008
030611s19uu xx 00 eng d
050
_a
CDR 004.5
_b
MIC 1995
245
_a
Microsoft visual C++ :
_b
development system and tools.
650
_a
Microsoft visual C++.
650
_a
CD-ROM.
942
_c
AVM
999
_c
109057
_d
109057